I tu, què fas davant del tabac?
Descripción Física:
1 targeta postal : il·lustracions ; 15 x 10 cm
Idioma:
Catalán
MARC
| LEADER | 00000nkm a2200000 a 4500 | ||
|---|---|---|---|
| 001 | 25832 | ||
| 003 | AGDB | ||
| 005 | 20260324181120.0 | ||
| 008 | 220505b spa||||| |||| 00| 0 cat d | ||
| 017 | |a DL B 22016-2016 | ||
| 080 | |a NBM-13-222 | ||
| 245 | |a I tu, què fas davant del tabac? | ||
| 260 | |a Barcelona : |b Diputació de Barcelona ; |c 2016 | ||
| 300 | |a 1 targeta postal : |b il·lustracions ; |c 15 x 10 cm | ||
| 650 | 0 | |a Tabac |x Prevenció |9 52695 | |
| 650 | 0 | |9 31502 |a Tabac |x Efectes fisiològics | |
| 655 | 0 | |a Targetes postals |9 52685 | |
| 710 | |a Barcelona (Catalunya : Província). |b Servei de Salut Pública |9 52202 | ||
| 942 | |2 udc |c ARXIU |n 1 | ||
| 952 | |0 0 |1 0 |4 0 |6 NBM13222 |7 1 |9 62291 |a Arxiu |b Arxiu |d 2022-06-08 |l 0 |o NBM-13-222 |p 25832 |r 2022-06-08 00:00:00 |w 2022-06-08 |y ARXIU | ||
| 999 | |c 81954 |d 81954 | ||